000 00567nam a2200217Ia 4500
003 OSt
005 20220928140141.0
006 a|||||r|||| 00| 0
007 ta
008 220927b |||||||| |||| 00| 0 eng d
024 _a6880
037 _cTextual
040 _aSDCL
_cSDCL
_beng
041 _2eng
_aeng
082 _aD;1, M2
100 _aVan Vlack Lawrence H
_9494151
245 0 _aMaterials for engineering
_b Concepts and applications
260 _c1982
942 _hD;1, M2
_cTEXL
_2CC
999 _c810039
_d810039